Pohľad z dielne

Podrobná bibliografia
Hlavný autor: Kot, Jozef, 1936-2022 (Autor)
Médium: Článok
Jazyk:slovenčina
Predmet:

MARC

LEADER 00000nab a2200000 a 4500
001 vtls000061780
003 SK-MaSNL
005 20260303024652.0
008 111103c1980 xo 0 slo
015 |a SNBRB19rr/mm-uuuuu 
035 |a CL0071880 
040 |a SNKBUCL  |b slo  |c SNKBUCL  |e AACR2 
041 0 |a slo 
044 |a xo  |c SK 
080 |a 82.081  |2 1981 
100 1 |a Kot, Jozef,  |d 1936-2022  |4 aut  |9 87654 
245 1 0 |a Pohľad z dielne  |c Jozef Kot 
650 0 7 |a próza  |2 snkbucl  |9 1490 
650 0 7 |a umenie literárnej tvorby  |2 snkbucl  |9 921813 
655 7 |a články z novín a časopisov  |2 snkbucl  |9 267496 
655 7 |a články z odboru literárna veda a krásna literatúra  |2 snkbucl  |9 770045 
773 0 |t Nové slovo mladých  |g Roč. 3, č. 6 (1980), s. /1/ 
850 |a Slovenská národná knižnica v Martine  |a MTA001 
852 |a SNK  |b KIS3GCP 
958 |a RK 
958 |a LX 
992 |a RBX 
999 |c 1641925  |d 1643855